Information management systems : implications for the human-computer interface

Αποθηκεύτηκε σε:
Λεπτομέρειες βιβλιογραφικής εγγραφής
Κύριος συγγραφέας: Hills, Philip James
Μορφή: Βιβλίο
Γλώσσα:English
Δημοσίευση: New York : Ellis Horwood, 1990
Σειρά:Information technology
Θέματα:
Ετικέτες: Προσθήκη ετικέτας
Δεν υπάρχουν, Καταχωρήστε ετικέτα πρώτοι!

MARC

LEADER 00000cam a2200000 i 4500
001 1/62945
008 941103s1990 eng d
020 |a 0134574419 
035 |a 1993  |c ΠΑΝΑΓΙΩΤΟΠΟΥΛΟΣ  |l 10046706 
040 |a GR-MY-UA  |b gre  |e aacr 
041 0 |a eng 
082 0 |a 658.4038 
100 1 |a Hills, Philip James. 
245 1 0 |a Information management systems :  |b implications for the human-computer interface /  |c Philip J. Hills 
260 |a New York :   |b Ellis Horwood,   |c 1990 
300 |a 186 p.;  |c 24 cm. 
490 1 |a Information technology 
500 |a Includes bibliographical references 
650 0 0 |a Management information systems. 
650 0 0 |a Human-computer interaction. 
830 0 |a Information technology 
852 |a INST  |b SAMOS  |e 19941103  |h 658.4038 HIL  |p 005300003722  |q 005300003722  |t BK  |y 0 
909 |a Σ  |b 029592